Oto jest Kasia /
Saved in:
| Andre forfattere: | |
|---|---|
| Format: | Electronisk |
| Sprog: | polsk |
| Udgivet: |
Warszawa :
1980
|
| Udgivelse: | [Wyd. 4]. |
| Serier: | Lektura Szkolna. 3
|
| Fag: | |
| Tags: |
Ingen Tags, Vær først til at tagge denne postø!
|
MARC
| LEADER | 00000am|aa2200000i||4500 | ||
|---|---|---|---|
| 001 | 991013508309705066 | ||
| 003 | WRO | ||
| 005 | 20260515140227.0 | ||
| 008 | 260426t pl ||||| |||| 00| u pol d | ||
| 020 | |a 8310079249 | ||
| 035 | |a 991013508309705066 | ||
| 035 | |a (PL-WaBN)b13639043-48omnis_nlop | ||
| 035 | |a b13639043 | ||
| 035 | |a (OCoLC)750840531 | ||
| 035 | |a xx001627681 | ||
| 035 | |a xx004027034 | ||
| 035 | |a (PL)b0000001363904 | ||
| 035 | |a (EXLNZ-48OMNIS_NETWORK)9910104516105606 | ||
| 040 | |a WA N |c WA N |d WA N |d OLSZT 003 | ||
| 041 | 0 | |a pol | |
| 080 | |a 821.162.1-93 | ||
| 090 | |c 80 |d 79 | ||
| 240 | 1 | 0 | |a Oto jest Kasia |l (pol.) |
| 245 | 1 | 0 | |a Oto jest Kasia / |c Mira Jaworczakowa ; ilustracje Hanna Czajkowska. |
| 250 | |a [Wyd. 4]. | ||
| 260 | |a Warszawa : |c 1980 | ||
| 300 | |a 165, [3] strony : |b ilustracje ; |c 20 cm. | ||
| 490 | 1 | |a Lektura Szkolna. 3 | |
| 500 | |||
| 521 | |a lpd | ||
| 650 | 7 | ||
| 650 | 7 | ||
| 650 | 7 | |a Uczennice i uczniowie | |
| 650 | 7 | ||
| 700 | 1 | |a Czajkowska, Hanna |d (1917-1991) |e Ilustracje | |
| 710 | 2 | ||
| 830 | 0 | ||
| 920 | |||
| 942 | |c K | ||
| 952 | |0 0 |1 0 |4 0 |6 R__61_000000000000000 |7 0 |9 78 |a RYT |b RYT |d 2026-04-26 |e 1/2026 |g 10.00 |l 0 |o R.61 |p 2000000000619 |r 2026-05-15 14:02:27 |w 2026-05-15 |y BK |z da | ||
| 999 | |c 78 |d 78 | ||